[Event "Festival A"]
[Site "Desenzano del Garda ITA"]
[Date "2009.06.07"]
[Round "2"]
[White "Sveshnikov, Vladimir"]
[Black "Grabarczyk, Miroslaw"]
[Result "1/2-1/2"]
[WhiteElo "2385"]
[BlackElo "2469"]
[PlyCount "90"]
[EventDate "2009.06.06"]

1. e4 e5 2. Nf3 Nc6 3. Bc4 Bc5 4. c3 Nf6 5. d4 exd4 6. cxd4 Bb4+ 7. Bd2 Bxd2+
8. Nbxd2 d5 9. exd5 Nxd5 10. Qb3 Nce7 11. O-O O-O 12. Rfe1 c6 13. Ne4 Rb8 14.
Ne5 Bf5 15. Qa3 a6 16. Nc5 Qc7 17. Rad1 Rbd8 18. Qb3 Bc8 19. a3 a5 20. Qf3 b6
21. Ne4 h6 22. Ng3 Be6 23. h3 Rfe8 24. Ba2 f6 25. Nd3 Bf7 26. Nh5 Qd7 27. Nhf4
Qd6 28. Qg4 Nxf4 29. Bxf7+ Kxf7 30. Nxf4 f5 31. Qh5+ Kg8 32. g3 Qf6 33. Re6 Qf7
34. Rde1 Qxh5 35. Nxh5 Kf7 36. Nxg7 Kxg7 37. Rxe7+ Rxe7 38. Rxe7+ Kf6 39. Rb7
Rxd4 40. Rxb6 Rc4 41. Kg2 Rc2 42. Kf3 Kg7 43. h4 a4 44. Rb4 Kf6 45. Rxa4 Ke6
1/2-1/2

[Event "Festival A"]
[Site "Desenzano del Garda ITA"]
[Date "2009.06.07"]
[Round "2"]
[White "Vezzani, Stefano"]
[Black "Marino, Francesco V."]
[Result "1-0"]
[WhiteElo "2176"]
[BlackElo "1843"]
[PlyCount "119"]
[EventDate "2009.06.06"]

1. d4 Nf6 2. Nc3 d5 3. Bg5 e6 4. Nf3 Nbd7 5. e4 dxe4 6. Nxe4 Be7 7. Bxf6 gxf6
8. Bc4 a6 9. c3 b5 10. Bb3 Bb7 11. Qe2 a5 12. Rd1 a4 13. Bc2 Rb8 14. Bd3 f5 15.
Ng3 Bxf3 16. Qxf3 Nf6 17. O-O Qd5 18. Qf4 Qd6 19. Qf3 Qd5 20. Qe2 Rg8 21. f3
Kf8 22. Rfe1 Bd6 23. Nf1 f4 24. a3 Qg5 25. Rd2 h5 26. Be4 h4 27. h3 Nd5 28.
Bxd5 exd5 29. Qf2 Rc8 30. Nh2 Re8 31. Rxe8+ Kxe8 32. Qe2+ Qe7 33. Qxb5+ Kf8 34.
Re2 Qg5 35. Qxa4 Qf5 36. Ng4 Qb1+ 37. Kh2 Kg7 38. Qc2 Qf1 39. Rf2 Qe1 40. Qe2
Re8 41. Qxe1 Rxe1 42. Rd2 f5 43. Nf2 Kf7 44. Nd3 Re8 45. Kg1 c6 46. Kf2 Kf6 47.
Re2 Rb8 48. Ke1 Rb5 49. b4 Rb6 50. a4 Ra6 51. a5 Bf8 52. Kd2 Bd6 53. Nc5 Bxc5
54. dxc5 Ra8 55. Kd3 Rb8 56. Kd4 Ra8 57. c4 Rb8 58. b5 cxb5 59. cxd5 b4 60. c6
1-0

[Event "Festival A"]
[Site "Desenzano del Garda ITA"]
[Date "2009.06.07"]
[Round "2"]
[White "Yakovich, Yuri"]
[Black "Malaniuk, Vladimir P."]
[Result "1/2-1/2"]
[WhiteElo "2569"]
[BlackElo "2523"]
[PlyCount "38"]
[EventDate "2009.06.06"]

1. e4 e5 2. Nf3 Nc6 3. Bc4 Nf6 4. Ng5 d5 5. exd5 Na5 6. Bb5+ c6 7. dxc6 bxc6 8.
Be2 h6 9. Nf3 e4 10. Ne5 Bd6 11. d4 exd3 12. Nxd3 Qc7 13. b3 O-O 14. Bb2 Ne4
15. Nc3 Nxc3 16. Bxc3 c5 17. Qd2 Nc6 18. f4 Ba6 19. O-O Rad8 1/2-1/2

[Event "Festival A"]
[Site "Desenzano del Garda ITA"]
[Date "2009.06.07"]
[Round "2"]
[White "Zacco, Remo"]
[Black "Ranfagni, Stefano"]
[Result "0-1"]
[WhiteElo "1940"]
[BlackElo "2052"]
[PlyCount "96"]
[EventDate "2009.06.06"]

1. e4 e6 2. d3 c5 3. Nf3 g6 4. g3 Bg7 5. Bg2 Nc6 6. O-O Nge7 7. Re1 d6 8. c3
O-O 9. Nbd2 Rb8 10. Nf1 b5 11. Ne3 e5 12. g4 Bd7 13. h3 Qc8 14. Kh2 b4 15. Rg1
bxc3 16. bxc3 Nd8 17. Nc4 Qc7 18. Be3 Ne6 19. Qd2 d5 20. exd5 Nxd5 21. Kh1 Nxe3
22. fxe3 Rfd8 23. Rab1 Bb5 24. Qc2 e4 25. Nfd2 exd3 26. Qc1 Bxc4 27. Nxc4 Rxb1
28. Qxb1 Bxc3 29. Qd1 Qd7 30. Rf1 Qb5 31. Qf3 Qxc4 32. Qxf7+ Kh8 33. Rb1 d2 34.
Bf3 d1=Q+ 35. Rxd1 Rxd1+ 36. Bxd1 Qe4+ 37. Bf3 Qb1+ 38. Kg2 Qxa2+ 39. Kf1 Qb1+
40. Kg2 Qc2+ 41. Kf1 Qc1+ 42. Kg2 Qd2+ 43. Kf1 Qd6 44. Kg2 Ng5 45. Qe8+ Kg7 46.
Be2 Qd5+ 47. Kg1 Nxh3+ 48. Kh2 Be5+ 0-1

[Event "Festival A"]
[Site "Desenzano del Garda ITA"]
[Date "2009.06.08"]
[Round "3"]
[White "Abasov, Nijat Azad Oglu"]
[Black "Sveshnikov, Vladimir"]
[Result "1-0"]
[WhiteElo "2486"]
[BlackElo "2385"]
[PlyCount "63"]
[EventDate "2009.06.06"]

1. d4 d5 2. c4 c6 3. Nc3 Nf6 4. Nf3 dxc4 5. a4 Bf5 6. e3 Nbd7 7. Bxc4 e6 8. O-O
Bb4 9. Qe2 Bg6 10. e4 O-O 11. e5 Nd5 12. Ne4 Be7 13. Rd1 N7b6 14. Bb3 a5 15.
Nc5 Qc7 16. Bg5 Nb4 17. Rac1 N6d5 18. Ne4 h6 19. Bxe7 Qxe7 20. Nd6 Bh5 21. Bxd5
Nxd5 22. Qe4 f5 23. Qd3 g5 24. Re1 Kh8 25. Nd2 Rg8 26. N2c4 Qg7 27. Qd2 Qc7 28.
Ne3 Nf4 29. d5 Nxd5 30. Nxd5 exd5 31. Nxf5 Kh7 32. Qd4 1-0

[Event "Festival A"]
[Site "Desenzano del Garda ITA"]
[Date "2009.06.08"]
[Round "3"]
[White "Bertani, Gianfranco"]
[Black "Oppici, Gabriele"]
[Result "0-1"]
[WhiteElo "2102"]
[BlackElo "2048"]
[PlyCount "102"]
[EventDate "2009.06.06"]

1. Nf3 Nc6 2. b3 e5 3. Bb2 e4 4. Ng1 Nf6 5. e3 d5 6. d3 Bd6 7. Nc3 O-O 8. Nge2
Bg4 9. h3 Bxe2 10. Bxe2 Qe7 11. d4 a6 12. a4 Nb4 13. O-O Rac8 14. Na2 a5 15. c4
Nxa2 16. Rxa2 Bb4 17. Ba1 c6 18. c5 Nd7 19. Rc2 f5 20. Bc3 Bxc3 21. Rxc3 Rce8
22. g3 Qg5 23. h4 Qe7 24. Kg2 Rf6 25. Qd2 Rh6 26. Rcc1 Nf8 27. Rh1 Ne6 28. Rcg1
Qf6 29. Kf1 g5 30. hxg5 Nxg5 31. Qxa5 Nf3 32. Bxf3 exf3 33. Qc7 Re4 34. Rxh6
Qxh6 35. Qc8+ Kg7 36. Qxb7+ Kf6 37. Qxc6+ Re6 38. Qxd5 Qh3+ 39. Ke1 Qh2 40.
Qxe6+ Kxe6 41. Rf1 Qh3 42. a5 Kd5 43. b4 f4 44. gxf4 Kc4 45. e4 Kxd4 46. a6 Qe6
47. Rh1 Qxa6 48. Kd1 Qa2 49. Kc1 Qa1+ 50. Kc2 Qxh1 51. c6 Qg1 0-1

[Event "Festival A"]
[Site "Desenzano del Garda ITA"]
[Date "2009.06.08"]
[Round "3"]
[White "Bolico, Exfelicos"]
[Black "Bruno, Fabio"]
[Result "1/2-1/2"]
[WhiteElo "2194"]
[BlackElo "2441"]
[PlyCount "28"]
[EventDate "2009.06.06"]

1. e4 c5 2. Ne2 Nc6 3. Nbc3 e6 4. d3 d6 5. g3 Nge7 6. Bg2 g6 7. Bg5 Bg7 8. Qd2
h6 9. Be3 Nd4 10. Rb1 b6 11. Bxd4 cxd4 12. Nb5 e5 13. Qb4 O-O 14. Nxd6 Bd7
1/2-1/2

[Event "Festival A"]
[Site "Desenzano del Garda ITA"]
[Date "2009.06.08"]
[Round "3"]
[White "Codenotti, Marco"]
[Black "Genocchio, Daniele"]
[Result "1-0"]
[WhiteElo "2035"]
[BlackElo "2445"]
[PlyCount "83"]
[EventDate "2009.06.06"]

1. e4 e6 2. d3 d5 3. Nd2 c5 4. Ngf3 Nc6 5. g3 Nge7 6. Bg2 g6 7. O-O Bg7 8. c3
b6 9. Re1 a5 10. a4 Ba6 11. exd5 Nxd5 12. Nc4 O-O 13. Bg5 Qc7 14. Qd2 Rfe8 15.
Bh6 Bh8 16. h4 Rad8 17. Qc2 Nce7 18. Rad1 Nf5 19. Bc1 h5 20. Nce5 Bg7 21. Bh3
Bb7 22. Qe2 Ba8 23. Bg2 Nfe7 24. Nxf7 Nf5 25. Nxd8 Qxd8 26. Ne5 Kh7 27. Nf7 Qd7
28. Ng5+ Kg8 29. Be4 Bc6 30. Nh3 Bxa4 31. Rd2 Bc6 32. Qf3 a4 33. Nf4 a3 34.
bxa3 Bxc3 35. Nxg6 Nd4 36. Qxh5 Qg7 37. Qg5 Nb3 38. Rdd1 Bf6 39. Qh6 Qc7 40.
Nf4 Bd4 41. Qg6+ Kh8 42. Bxd5 1-0

[Event "Festival A"]
[Site "Desenzano del Garda ITA"]
[Date "2009.06.08"]
[Round "3"]
[White "Conti, Ferdinando"]
[Black "Bruno, Elio"]
[Result "1/2-1/2"]
[WhiteElo "1640"]
[BlackElo "1696"]
[PlyCount "93"]
[EventDate "2009.06.06"]

1. b4 Nf6 2. Bb2 g6 3. c4 Bg7 4. Nf3 O-O 5. e3 b6 6. Be2 Bb7 7. a4 a5 8. b5 d6
9. O-O Nbd7 10. Nc3 Ne4 11. Qc2 Nxc3 12. Bxc3 Bxc3 13. Qxc3 Nc5 14. d3 e5 15.
Nd2 Re8 16. Bf3 e4 17. Nxe4 Nxe4 18. Bxe4 Bxe4 19. dxe4 Rxe4 20. f3 Re5 21.
Rad1 Qe7 22. e4 Re8 23. Rd5 Re6 24. Qd3 Qh4 25. Qc2 g5 26. Qd2 Rg6 27. g3 Qh5
28. Rf5 h6 29. Qd5 Re7 30. f4 Qe2 31. fxg5 Qe3+ 32. Kg2 Rxg5 33. R1f3 Rxf5 34.
exf5 Qe2+ 35. Rf2 Qe4+ 36. Rf3 Qxd5 37. cxd5 Re5 38. Rc3 Rxf5 39. Rxc7 Rxd5 40.
Rc6 Rd4 41. Rxb6 Rxa4 42. Rxd6 Rb4 43. Rb6 Kg7 44. Rb7 a4 45. b6 a3 46. Ra7
Rb2+ 47. Kh3 1/2-1/2

[Event "Festival A"]
[Site "Desenzano del Garda ITA"]
[Date "2009.06.08"]
[Round "3"]
[White "Dinter, Brian"]
[Black "Rombaldoni, Axel"]
[Result "0-1"]
[WhiteElo "2130"]
[BlackElo "2363"]
[PlyCount "108"]
[EventDate "2009.06.06"]

1. d4 f5 2. Nf3 Nf6 3. e3 e6 4. c4 Be7 5. Bd3 b6 6. b3 a5 7. O-O O-O 8. Nc3 Bb7
9. Bb2 Ne4 10. Nd2 d5 11. cxd5 exd5 12. Rc1 Nd7 13. Nf3 Rf6 14. Ne2 Rh6 15. Ne5
Nxe5 16. dxe5 Bc5 17. Nd4 Qh4 18. h3 Rf8 19. f4 Rg6 20. Rf3 c6 21. Qe1 Qh5 22.
Bxe4 dxe4 23. Rg3 Bb4 24. Qf2 Rd8 25. Rxg6 hxg6 26. a3 Be7 27. Qc2 c5 28. Nb5
Rd3 29. Re1 Bh4 30. Re2 Kh7 31. b4 axb4 32. axb4 Bd5 33. Nc3 Bb3 34. g4 Bxc2
35. gxh5 Bd1 36. hxg6+ Kxg6 37. Nxd1 Rxd1+ 38. Kh2 cxb4 39. Bd4 Be1 40. e6 Bh4
41. Rg2+ Kh5 42. Rxg7 Rd2+ 43. Kh1 b3 44. Rg1 Be7 45. Rb1 Kh4 46. Rxb3 Kg3 47.
Rb1 b5 48. Kg1 b4 49. Kf1 Kf3 50. Ke1 Rd3 51. Kf1 b3 52. Kg1 Rd2 53. Rxb3 Rd1+
54. Kh2 Bh4 0-1

[Event "Festival A"]
[Site "Desenzano del Garda ITA"]
[Date "2009.06.08"]
[Round "3"]
[White "Dvirnyy, Danyyil"]
[Black "Brunello, Marina"]
[Result "1-0"]
[WhiteElo "2459"]
[BlackElo "2166"]
[PlyCount "67"]
[EventDate "2009.06.06"]

1. e4 c5 2. Nf3 d6 3. d4 cxd4 4. Nxd4 Nf6 5. Nc3 a6 6. Bg5 e6 7. Bc4 Qc7 8. Bb3
Nc6 9. Nxc6 bxc6 10. Bxf6 gxf6 11. Qh5 Be7 12. Rd1 Rb8 13. O-O c5 14. Ba4+ Bd7
15. Bxd7+ Qxd7 16. b3 Qc6 17. Rd3 c4 18. Rg3 Qb7 19. b4 Bd8 20. Rd1 Ke7 21. Rg7
Rf8 22. Qh3 Bb6 23. Qg3 Rbd8 24. h4 h5 25. Ne2 Rh8 26. Nf4 Rh6 27. Ng6+ Rxg6
28. Qxg6 Rf8 29. c3 Ke8 30. Rxd6 Qe7 31. Rxb6 fxg6 32. Rxe7+ Kxe7 33. Rxa6 Rc8
34. a4 1-0

[Event "Festival A"]
[Site "Desenzano del Garda ITA"]
[Date "2009.06.08"]
[Round "3"]
[White "Efimov, Igor"]
[Black "Zacco, Remo"]
[Result "1-0"]
[WhiteElo "2439"]
[BlackElo "1940"]
[PlyCount "77"]
[EventDate "2009.06.06"]

1. d4 d6 2. e4 Nf6 3. f3 c6 4. c4 e5 5. Ne2 Nbd7 6. Nbc3 Qb6 7. a3 a5 8. Be3 h5
9. Qd2 Qc7 10. b3 g6 11. d5 Nc5 12. Nc1 Bd7 13. dxc6 bxc6 14. Rb1 Ne6 15. Be2
Bg7 16. O-O O-O 17. Nd3 Nd4 18. c5 Ne8 19. f4 Nxe2+ 20. Nxe2 Bg4 21. h3 Bxe2
22. Qxe2 f5 23. fxe5 dxe5 24. exf5 gxf5 25. Bg5 e4 26. Nf4 Bd4+ 27. Kh1 Qf7 28.
Nxh5 Bxc5 29. Bh6 Bxa3 30. Bxf8 Bxf8 31. Ng3 Nd6 32. Nxf5 Nxf5 33. Qg4+ Qg7 34.
Qxf5 Re8 35. Rf4 Qe7 36. Re1 e3 37. Rf3 Qe6 38. Qg5+ Bg7 39. Rfxe3 1-0

[Event "Festival A"]
[Site "Desenzano del Garda ITA"]
[Date "2009.06.08"]
[Round "3"]
[White "Facchetti, Gianni"]
[Black "Ignacz, Maria"]
[Result "1/2-1/2"]
[WhiteElo "2174"]
[BlackElo "2197"]
[PlyCount "124"]
[EventDate "2009.06.06"]

1. e4 c5 2. Nf3 a6 3. c3 d5 4. exd5 Qxd5 5. d4 g6 6. Be2 cxd4 7. Qxd4 Qxd4 8.
Nxd4 Bg7 9. Be3 Nf6 10. Bf3 O-O 11. Nd2 Nbd7 12. N4b3 Ne5 13. Be2 Nd5 14. Nc4
Nxc4 15. Bxc4 Nxe3 16. fxe3 b5 17. Bd5 Ra7 18. Rd1 Rc7 19. a3 Bf5 20. Nd4 Bd7
21. O-O e6 22. Bb3 e5 23. Nc2 Bf5 24. Nb4 a5 25. Nd5 Rb7 26. Rd2 Kh8 27. Bc2
Be6 28. Nf6 Bh6 29. Kf2 Kg7 30. Ne4 Rc7 31. h4 f6 32. Kf3 Bc8 33. Rfd1 b4 34.
axb4 axb4 35. Bb3 f5 36. Ng5 bxc3 37. Rc2 Bb7+ 38. Kf2 Bxg5 39. hxg5 h6 40.
gxh6+ Kxh6 41. Rxc3 Rfc8 42. Rxc7 Rxc7 43. Rd2 Be4 44. Bd1 Kg5 45. b4 Rb7 46.
Rb2 Bd3 47. Be2 Bxe2 48. Kxe2 e4 49. b5 Kg4 50. Kf2 g5 51. b6 f4 52. Rb5 Kh4
53. Rb4 Kg4 54. Rb5 Kh4 55. g3+ Kg4 56. gxf4 gxf4 57. exf4 Kxf4 58. Ke2 e3 59.
Kd3 Kf3 60. Rf5+ Kg4 61. Rf6 Kg5 62. Rc6 Kf4 1/2-1/2

[Event "Festival A"]
[Site "Desenzano del Garda ITA"]
[Date "2009.06.08"]
[Round "3"]
[White "Frolyanov, Dmitry"]
[Black "Matseyko, Katerina"]
[Result "1-0"]
[WhiteElo "2559"]
[BlackElo "2241"]
[PlyCount "47"]
[EventDate "2009.06.06"]

1. e4 c6 2. d4 d5 3. exd5 cxd5 4. c4 Nf6 5. Nc3 e6 6. Nf3 Bb4 7. Bd3 Nc6 8. O-O
O-O 9. Bg5 dxc4 10. Bxc4 Be7 11. Re1 b6 12. a3 Bb7 13. Qd3 Nd5 14. Bxd5 Bxg5
15. Be4 h6 16. Rad1 Kh8 17. d5 exd5 18. Nxd5 Rc8 19. Qb1 Ra8 20. Nc3 Qf6 21. h4
Bxh4 22. Nd5 Qd8 23. Ne3 Qf6 24. Nf5 1-0

[Event "Festival A"]
[Site "Desenzano del Garda ITA"]
[Date "2009.06.08"]
[Round "3"]
[White "Ghidinelli, Giorgio"]
[Black "Bodiroga, Predrag"]
[Result "0-1"]
[WhiteElo "1843"]
[BlackElo "2422"]
[PlyCount "66"]
[EventDate "2009.06.06"]

1. d4 Nf6 2. Nf3 e6 3. Bf4 d6 4. e3 h6 5. h3 Nbd7 6. Bd3 b6 7. Nbd2 Bb7 8. c3
Qe7 9. Bh2 g6 10. Qc2 Bg7 11. O-O O-O 12. e4 e5 13. Kh1 Nh5 14. g4 Nf4 15. Bxf4
exf4 16. Kh2 Rae8 17. Rae1 Qd8 18. b4 Qa8 19. Nh4 Qd8 20. Nhf3 a6 21. Rg1 Qa8
22. Nh4 Bf6 23. Ndf3 Qd8 24. Ng2 g5 25. Nd2 Kg7 26. h4 h5 27. Be2 hxg4 28. Bxg4
Rh8 29. h5 Kg8 30. f3 Bg7 31. Rh1 Nf6 32. Kg1 Nxg4 33. fxg4 Qd7 0-1

[Event "Festival A"]
[Site "Desenzano del Garda ITA"]
[Date "2009.06.08"]
[Round "3"]
[White "Grabarczyk, Miroslaw"]
[Black "De Paoli, Emilio"]
[Result "1-0"]
[WhiteElo "2469"]
[BlackElo "1967"]
[PlyCount "39"]
[EventDate "2009.06.06"]

1. d4 Nf6 2. c4 g6 3. g3 c6 4. Nf3 d5 5. Nbd2 Bf5 6. Bg2 Bg7 7. O-O O-O 8. b3
c5 9. Bb2 Nc6 10. cxd5 Nxd4 11. Nxd4 cxd4 12. Bxd4 Rc8 13. Nc4 Ne4 14. Bxe4
Bxd4 15. Qxd4 e5 16. Nxe5 Bxe4 17. Ng4 f6 18. Qxe4 Re8 19. Qxe8+ Qxe8 20. Nxf6+
1-0

[Event "Festival A"]
[Site "Desenzano del Garda ITA"]
[Date "2009.06.08"]
[Round "3"]
[White "Grigore, George-Gabriel"]
[Black "Brunello, Sabino"]
[Result "1-0"]
[WhiteElo "2542"]
[BlackElo "2477"]
[PlyCount "121"]
[EventDate "2009.06.06"]

1. d4 Nf6 2. c4 e6 3. Nc3 Bb4 4. Qc2 O-O 5. a3 Bxc3+ 6. Qxc3 b6 7. Bg5 Bb7 8.
Nf3 d6 9. e3 Nbd7 10. Nd2 Rc8 11. f3 c5 12. b4 h6 13. Bh4 Re8 14. Qb2 Qc7 15.
Be2 e5 16. dxc5 dxc5 17. O-O cxb4 18. axb4 a5 19. Rfb1 Bc6 20. e4 Nh5 21. Nf1
Nf4 22. Ne3 axb4 23. Bf1 Ra8 24. Qxb4 Rxa1 25. Rxa1 Ra8 26. Rd1 Ba4 27. Rb1 Bc6
28. Nf5 Nc5 29. Qxb6 Qxb6 30. Rxb6 Bd7 31. Ne7+ Kh7 32. Rb1 Ra2 33. Nd5 Nfe6
34. Nb4 Ra8 35. Be7 f6 36. Nd3 Na4 37. Rb3 Kg6 38. Bd6 Nd4 39. Rb7 Bc6 40. Rc7
Be8 41. f4 Nc3 42. Nxe5+ Kh7 43. Nf3 Nde2+ 44. Bxe2 Nxe2+ 45. Kf2 Nc3 46. Ke3
Ra2 47. Nh4 Nd1+ 48. Kd4 Rd2+ 49. Kc5 Nc3 50. e5 Ne4+ 51. Kb4 Rb2+ 52. Ka5 Ra2+
53. Kb6 Rb2+ 54. Ka7 Ra2+ 55. Kb8 Rb2+ 56. Kc8 Kg8 57. Kd8 Rb8+ 58. Rc8 Rxc8+
59. Kxc8 g5 60. Nf5 Kf7 61. Nd4 1-0

[Event "Festival A"]
[Site "Desenzano del Garda ITA"]
[Date "2009.06.08"]
[Round "3"]
[White "Khairullin, Ildar"]
[Black "Sulava, Nenad"]
[Result "1/2-1/2"]
[WhiteElo "2606"]
[BlackElo "2521"]
[PlyCount "29"]
[EventDate "2009.06.06"]

1. d4 d5 2. c4 e6 3. Nc3 Bb4 4. e3 Ne7 5. a3 Bxc3+ 6. bxc3 c5 7. cxd5 exd5 8.
Ne2 Bf5 9. f3 O-O 10. g4 Bd7 11. h4 Bb5 12. Kf2 Nd7 13. Rb1 Qa5 14. Bd2 Qa6 15.
Qb3 1/2-1/2

[Event "Festival A"]
[Site "Desenzano del Garda ITA"]
[Date "2009.06.08"]
[Round "3"]
[White "Malaniuk, Vladimir P."]
[Black "Ranfagni, Stefano"]
[Result "1/2-1/2"]
[WhiteElo "2523"]
[BlackElo "2052"]
[PlyCount "58"]
[EventDate "2009.06.06"]

1. d4 e6 2. c4 f5 3. Nf3 Nf6 4. g3 Be7 5. Bg2 O-O 6. O-O d5 7. Nc3 c6 8. Bf4
Bd7 9. Qb3 Qb6 10. Qc2 Ne4 11. Na4 Qd8 12. Ne5 Be8 13. f3 Nf6 14. Rfd1 Nbd7 15.
Nxd7 Qxd7 16. Nc5 Qc8 17. Rac1 Nh5 18. Bd2 Bg6 19. Qb3 Rb8 20. cxd5 exd5 21. e4
fxe4 22. fxe4 Bxc5 23. dxc5 Bf7 24. exd5 Qd7 25. Qa4 Bxd5 26. Bxd5+ Qxd5 27. g4
Qf7 28. Qc4 Qxc4 29. Rxc4 Nf6 1/2-1/2

[Event "Festival A"]
[Site "Desenzano del Garda ITA"]
[Date "2009.06.08"]
[Round "3"]
[White "Marino, Francesco V."]
[Black "Astengo, Marcello"]
[Result "0-1"]
[WhiteElo "1843"]
[BlackElo "2114"]
[PlyCount "132"]
[EventDate "2009.06.06"]

1. c4 e6 2. Nc3 d5 3. e3 Nf6 4. Nf3 Be7 5. b3 O-O 6. Bb2 c6 7. Be2 Nbd7 8. Qc2
b6 9. h4 Bb7 10. cxd5 exd5 11. d4 Rc8 12. Rd1 c5 13. h5 Ne4 14. Qb1 Ndf6 15.
Nxe4 Nxe4 16. dxc5 bxc5 17. Qa1 Qa5+ 18. Kf1 Bf6 19. Bxf6 gxf6 20. Bd3 Ba6 21.
Nh4 Bxd3+ 22. Rxd3 Qa6 23. Qd1 Qxa2 24. Qe2 Qb1+ 25. Qd1 Qxd1+ 26. Rxd1 c4 27.
bxc4 dxc4 28. Nf5 Rc5 29. g4 c3 30. Ke2 c2 31. Rc1 Nc3+ 32. Kd2 Ne4+ 33. Ke2
Nc3+ 34. Kd2 Nb1+ 35. Ke2 a5 36. Nd4 Rfc8 37. Rxb1 c1=Q 38. Rhxc1 Rxc1 39. Rb2
a4 40. Ra2 R8c4 41. Kd2 Kf8 42. Ne2 Rf1 43. Kd3 Rxg4 44. Nc3 a3 45. Ke2 Rh1 46.
Rxa3 Rxh5 47. Kf3 Rc4 48. Ne4 Rf5+ 49. Kg4 Rxf2 50. Kg3 Rf5 51. Nd6 Rg5+ 52.
Kf3 Rc6 53. Ra8+ Ke7 54. Ne4 Rf5+ 55. Kg4 Re5 56. Kf3 Rce6 57. Ra7+ Kf8 58. Ra4
Rxe4 59. Rxe4 Rxe4 60. Kxe4 Kg7 61. Kf5 h6 62. Kg4 Kg6 63. e4 f5+ 64. exf5+ Kf6
65. Kh5 Kxf5 66. Kxh6 Kg4 0-1

[Event "Festival A"]
[Site "Desenzano del Garda ITA"]
[Date "2009.06.08"]
[Round "3"]
[White "Naumkin, Igor"]
[Black "Yakovich, Yuri"]
[Result "1/2-1/2"]
[WhiteElo "2488"]
[BlackElo "2569"]
[PlyCount "42"]
[EventDate "2009.06.06"]

1. d4 Nf6 2. c4 e6 3. Nf3 d5 4. Nc3 dxc4 5. e4 Bb4 6. Bg5 c5 7. e5 cxd4 8. Qa4+
Nc6 9. O-O-O Bd7 10. Ne4 Be7 11. exf6 gxf6 12. Bh4 Rc8 13. Kb1 Na5 14. Qc2 e5
15. Nxd4 exd4 16. Rxd4 Qb6 17. Rd5 Be6 18. Rh5 Bg4 19. Rd5 Be6 20. Rh5 Bg4 21.
Rd5 Be6 1/2-1/2

[Event "Festival A"]
[Site "Desenzano del Garda ITA"]
[Date "2009.06.08"]
[Round "3"]
[White "Romanishin, Oleg M."]
[Black "Bentivegna, Francesco"]
[Result "1-0"]
[WhiteElo "2501"]
[BlackElo "2326"]
[PlyCount "23"]
[EventDate "2009.06.06"]

1. Nf3 Nf6 2. g3 g6 3. Bg2 Bg7 4. O-O O-O 5. d4 d6 6. a4 Na6 7. a5 c6 8. c4 c5
9. Nc3 Nb4 10. dxc5 dxc5 11. Bd2 Na6 12. Qb3 {...} 1-0

[Event "Festival A"]
[Site "Desenzano del Garda ITA"]
[Date "2009.06.08"]
[Round "3"]
[White "Rombaldoni, Denis"]
[Black "Stella, Luca"]
[Result "1-0"]
[WhiteElo "2442"]
[BlackElo "1942"]
[PlyCount "117"]
[EventDate "2009.06.06"]

1. b3 d5 2. Bb2 Bg4 3. f4 Nf6 4. h3 Bd7 5. e3 e6 6. g3 c5 7. Bg2 Bc6 8. d3 Be7
9. Nf3 Nbd7 10. g4 h6 11. Nbd2 Qc7 12. Ne5 Nxe5 13. Bxe5 Bd6 14. Nf3 O-O-O 15.
Qd2 Ne4 16. Bxd6 Rxd6 17. Qc1 Qa5+ 18. Nd2 Rhd8 19. dxe4 dxe4 20. b4 cxb4 21.
Nc4 Rd1+ 22. Kf2 Rxc1 23. Nxa5 Rxc2+ 24. Kg3 Rdd2 25. Rhg1 Bd5 26. Nb3 Re2 27.
Rae1 Rxa2 28. Nd4 Red2 29. Rb1 Rd3 30. Rge1 Raa3 31. Kf2 a5 32. Bf1 Rd2+ 33.
Be2 b3 34. Rec1+ Kb8 35. Rc5 a4 36. Rbc1 Raa2 37. Rc8+ Ka7 38. Nb5+ Kb6 39. Nc3
Ra3 40. Nb1 Rxe2+ 41. Kxe2 Ra2+ 42. Nd2 b2 43. Rb1 a3 44. Kd1 Ra1 45. Kc2 a2
46. Rxb2+ Ka7 47. Nb3 Rc1+ 48. Kxc1 Bxb3 49. Rxa2+ Bxa2 50. Rg8 g6 51. Rg7 e5
52. f5 gxf5 53. gxf5 Kb6 54. Rh7 Kc5 55. Rxh6 b5 56. h4 Kc4 57. Kb2 Bb3 58.
Rc6+ Kb4 59. h5 1-0

[Event "Festival A"]
[Site "Desenzano del Garda ITA"]
[Date "2009.06.08"]
[Round "3"]
[White "Rotstein, Arkadij"]
[Black "Piscopo, Pierluigi"]
[Result "1-0"]
[WhiteElo "2526"]
[BlackElo "2405"]
[PlyCount "75"]
[EventDate "2009.06.06"]

1. Nf3 Nf6 2. c4 g6 3. g3 Bg7 4. Bg2 O-O 5. O-O d6 6. Nc3 Nc6 7. d3 e5 8. Rb1
a5 9. a3 h6 10. b4 axb4 11. axb4 Ne7 12. Bb2 Be6 13. Nd2 Rb8 14. Ra1 Qd7 15.
Qa4 c6 16. Rfb1 Bh3 17. Bh1 Ng4 18. b5 f5 19. bxc6 bxc6 20. Nd5 Rxb2 21. Rxb2
e4 22. Rab1 Bxb2 23. Rxb2 Nxd5 24. cxd5 Qg7 25. Qb3 cxd5 26. Qxd5+ Kh8 27. Rb1
Qa7 28. e3 Nxe3 29. Qxd6 Rg8 30. dxe4 Ng4 31. Qf4 Rf8 32. Bg2 g5 33. Qf3 Bxg2
34. Kxg2 Qd4 35. h3 Ne5 36. Qa3 Rd8 37. Qe7 Ng6 38. Qe6 1-0

[Event "Festival A"]
[Site "Desenzano del Garda ITA"]
[Date "2009.06.08"]
[Round "3"]
[White "Salvador, Roland"]
[Black "Brodsky, Michail"]
[Result "0-1"]
[WhiteElo "2445"]
[BlackElo "2524"]
[PlyCount "82"]
[EventDate "2009.06.06"]

1. d4 Nf6 2. Nf3 e6 3. c4 c5 4. d5 d6 5. Nc3 exd5 6. cxd5 g6 7. e4 a6 8. h3 b5
9. Bd3 Bg7 10. O-O O-O 11. Re1 Nbd7 12. Bf4 Qb6 13. Rc1 Re8 14. a3 c4 15. Bb1
Nc5 16. Be3 Nfd7 17. e5 Nxe5 18. Nxe5 Rxe5 19. Ne4 Bb7 20. b4 cxb3 21. Nxc5 b2
22. Nd7 bxc1=Q 23. Qxc1 Qd8 24. Nxe5 Bxe5 25. f4 Bg7 26. Be4 Rc8 27. Qd1 Qa5
28. Bc1 Re8 29. Re2 Qc3 30. Kh2 Qa1 31. Bf3 Rxe2 32. Bxe2 Qd4 33. Qc2 Qc3 34.
Qd1 Bf6 35. Bf3 a5 36. Bd2 Qxa3 37. Qe1 b4 38. Qe8+ Kg7 39. Qd7 Qd3 40. Bxb4
axb4 41. Qxb7 Qd4 0-1

[Event "Festival A"]
[Site "Desenzano del Garda ITA"]
[Date "2009.06.08"]
[Round "3"]
[White "Shoker, Samy"]
[Black "Rozzi, Enzo"]
[Result "1-0"]
[WhiteElo "2404"]
[BlackElo "1499"]
[PlyCount "57"]
[EventDate "2009.06.06"]

1. g3 Nf6 2. Bg2 g6 3. Nf3 Bg7 4. O-O O-O 5. c4 c6 6. Nc3 d6 7. d3 Nbd7 8. Rb1
Rb8 9. b4 a6 10. a4 Ng4 11. Qc2 Nge5 12. Nd2 f5 13. e3 e6 14. d4 Ng4 15. b5
cxb5 16. cxb5 b6 17. Ba3 Ndf6 18. Nc4 Ne8 19. bxa6 Bxa6 20. Nb5 Bxb5 21. Rxb5
Rf7 22. Qb3 d5 23. Rxb6 Rxb6 24. Nxb6 Rb7 25. a5 Nd6 26. Bxd5 exd5 27. Qxd5+
Kh8 28. Bxd6 Ra7 29. Rc1 1-0

[Event "Festival A"]
[Site "Desenzano del Garda ITA"]
[Date "2009.06.08"]
[Round "3"]
[White "Stella, Andrea"]
[Black "Korneev, Oleg"]
[Result "1/2-1/2"]
[WhiteElo "2276"]
[BlackElo "2587"]
[PlyCount "28"]
[EventDate "2009.06.06"]

1. d4 Nf6 2. c4 g6 3. Nc3 Bg7 4. e4 d6 5. Bd3 O-O 6. Nge2 e5 7. d5 Nh5 8. O-O
Qf6 9. Be3 Nf4 10. Qd2 Nxd3 11. Bg5 Qxg5 12. Qxg5 Nxb2 13. Qd2 Nxc4 14. Qd3 Nb6
1/2-1/2

[Event "Festival A"]
[Site "Desenzano del Garda ITA"]
[Date "2009.06.08"]
[Round "3"]
[White "Tiengo, Davide"]
[Black "Rota, Simone"]
[Result "1/2-1/2"]
[WhiteElo "2070"]
[BlackElo "1997"]
[PlyCount "80"]
[EventDate "2009.06.06"]

1. d4 d5 2. Nf3 e6 3. c4 c6 4. Nc3 Nd7 5. e3 Ngf6 6. Bd3 dxc4 7. Bxc4 b5 8. Bd3
a6 9. e4 c5 10. e5 cxd4 11. Nxb5 axb5 12. exf6 Nxf6 13. Bxb5+ Bd7 14. Bxd7+
Qxd7 15. O-O Bc5 16. Bg5 Ne4 17. Qd3 Nxg5 18. Nxg5 h6 19. Nf3 O-O 20. a3 Rfd8
21. b4 Bb6 22. Rfd1 Qd6 23. Nd2 Bc7 24. g3 e5 25. Rdc1 Rdc8 26. Ne4 Qg6 27. Rc2
f5 28. Nd2 Bd8 29. Rac1 Rxc2 30. Rxc2 Bf6 31. Qb5 Rxa3 32. Rc8+ Kh7 33. Qd5 h5
34. Nf3 Rc3 35. Ra8 d3 36. Qg8+ Kh6 37. Qe6 Kh7 38. Qg8+ Kh6 39. Qe6 Kh7 40.
Qg8+ Kh6 1/2-1/2